000 04948njm0a2200517 4500
001 RU\NLR\ONIZ\214516
005 20260406012715.0
035 _a(NLR Aleph) 011273202
071 0 0 _aС10-06083-4
090 _a13283390
_c13283390
100 _a20160826f19001999|||y0rusy50 ca
102 _aRU
126 _aabuxexu ux
_bxxx
127 _a000044
135 _ahonoannnanndn
200 1 _aКонцертная программа
_bЗвукозапись
210 _aМ.
_cМелодия
_d[19--]
215 _a1 грп.[ГОСТ 5289-73](44 мин): 33 об/мин, стерео; 30 см, в конв.
300 _aЗаписана в Картинной галерее г. Вильнюса
325 _aКопия доступна в Электрон. б-ке РНБ
327 1 _a1. Квартет : до мин. / исполн.: Литовский квартет;
_a2. Прелюд : Фа маж. / исполн.: Л. Дигрис, орган;
_a3. Прелюд : соль мин. / исполн.: Л. Дигрис, орган;
_a4. Прелюд : Ля-бемоль маж. / исполн.: Л. Дигрис, орган;
_a5. Каноны : Ля-бемоль маж., ре мин. / исполн.: Л. Дигрис, орган;
_a6. Фуги : до мин., соль мин., до-диез мин., фа-диез мин. / исполн.: Л. Дигрис, орган;
_a7. Фуга-хорал : ля мин. / исполн.: Л. Дигрис, орган
464 0 _12001#$aКвартет$eдо мин.$gисполн.: Литовский квартет
_16061#$aКвартеты струнные$xЗвукозапись$yЛитва$z19-20 вв.$2nlr_sh
_1686##$aЩ952.507-040.2(4Л)$vLBC/SL$2rubbk
_171202$aЛитовский квартет$4570$7ca
_tКвартет
464 0 _12001#$aПрелюд$eФа маж.$fисполн.: Л. Дигрис, орган
_16061#$aПрелюдии для органа$xЗвукозапись$yЛитва$z19-20 вв.$2nlr_sh
_16890#$aЩ954.3-058.4(4Л)
_1702#1$9z01790$aДигрис$bЛ.$gЛеопольдас$f1934-$4590$4kor$7ca
_1790#1$9z01702$aDigris$bL.$gLeopoldas$f1934-$4590$4kor$7ba
_tПрелюд
464 0 _12001#$aПрелюд$eсоль мин.$fисполн.: Л. Дигрис, орган
_16890#$aЩ954.3-058.4(4Л)
_1702#1$9z01790$aДигрис$bЛ.$gЛеопольдас$f1934-$4590$7ca
_1790#1$9z01702$aDigris$bL.$gLeopoldas$f1934-$4590$7ba
_tПрелюд
464 0 _12001#$aПрелюд$eЛя-бемоль маж.$fисполн.: Л. Дигрис, орган
_1702#1$9z01790$aДигрис$bЛ.$gЛеопольдас$f1934-$4590$4kor$7ca
_1790#1$9z01702$aDigris$bL.$gLeopoldas$f1934-$4590$4kor$7ba
_tПрелюд
464 0 _12001#$aКаноны$eЛя-бемоль маж., ре мин.$fисполн.: Л. Дигрис, орган
_16061#$aПолифоническая музыка для органа$xЗвукозапись$yЛитва$z19-20 вв.$2nlr_sh
_16890#$aЩ954.3-045я44(4Л)
_1702#1$9z01790$aДигрис$bЛ.$gЛеопольдас$f1934-$4590$4kor$7ca
_1790#1$9z01702$aDigris$bL.$gLeopoldas$f1934-$4590$4kor$7ba
_tКаноны
464 0 _12001#$aФуги$eдо мин., соль мин., до-диез мин., фа-диез мин.$fисполн.: Л. Дигрис, орган
_16061#$aПолифоническая музыка для органа$xЗвукозапись$yЛитва$z19-20 вв.$2nlr_sh
_16890#$aЩ954.3-045я44(4Л)
_1702#1$9z01790$aДигрис$bЛ.$gЛеопольдас$f1934-$4590$4kor$7ca
_1790#1$9z01702$aDigris$bL.$gLeopoldas$f1934-$4590$4kor$7ba
_tФуги
464 0 _12001#$aФуга-хорал$eля мин.$fисполн.: Л. Дигрис, орган
_16061#$aПолифоническая музыка для органа$xЗвукозапись$yЛитва$z19-20 вв.$2nlr_sh
_16890#$aЩ954.3-045(4Л)
_1702#1$9z01790$aДигрис$bЛ.$gЛеопольдас$f1934-$4590$4kor$7ca
_1790#1$9z01702$aDigris$bL.$gLeopoldas$f1934-$4590$4kor$7ba
_tФуга-хорал
606 1 _aКамерная музыка зарубежная
_xЗвукозапись
_yЛитва
_z20 в.
_2nlr_sh
686 _aЩ95я44(4Л)
_vLBC/SL
_2rubbk
700 1 _4230
_8rus
_7ca
_aЧюрленис
_bМ. К.
_f1875-1911
_gМикалоюс Константинас
_3RU\NLR\AUTH\77118205
_9101130
790 1 _9z06700
_aČiurlionis
_bM.K.
_f1875-1911
_gMikalojus Konstantinas
_4230
_7ba
801 0 _aRU
_bNLR
_c20160826
_gPSBO
801 1 _aRU
_bNLR
_c20160826
_2rusmarc
801 2 _aRU
_bNLR
_c20201211
852 _aNLR
_bМг
_j3/2984
_p12775
_t1
856 0 _uhttp://vivaldi.nlr.ru/mk000000363/view
856 1 _uhttp://vivaldi.nlr.ru/mk000000363/cover
856 2 _uhttp://vivaldi.nlr.ru/mk000000363/text
942 _cREC
980 _aNB
980 _aONIZ
981 2 4 _a(24) Нотные издания и аудиозаписи
_b(24) Грампластинки